000 00538nam a22001817a 4500
003 OSt
005 20120302151529.0
008 091112t xxu||||| |||| 00| 0 eng d
035 _a१६४३४
040 _cमराठी
100 _aचंपानेरकर,मनोहर
_910057
222 _aकला/हस्तकला
245 _aविविध हस्तकला
250 _a१ ली
260 _aपुणे
_bजयदीप
_c१९९१
300 _b२४ पाने
942 _2ddc
_cBOOK
999 _c494785
_d494782